[Event "45th Olympiad 2024"]
[Site "Budapest HUN"]
[Date "2024.09.18"]
[Round "7.28"]
[Board "1"]
[White "Fier, Alexandr"]
[Black "Khusenkhojaev, Mustafokhuja"]
[Result "1-0"]
[WhiteElo "2551"]
[BlackElo "2283"]
[PlyCount "99"]
[EventDate "2024.09.11"]
[WhiteTeam "Brazil"]
[BlackTeam "Tajikistan"]
[WhiteTeamCountry "BRA"]
[BlackTeamCountry "TJK"]

1. Nf3 {Stohl,Igor} ({RR} 1. d4 Nf6 2. c4 e6 3. Nc3 Bb4 4. Qc2 c5 5. dxc5 O-O 6. Nf3 Na6 7. c6) 1... Nf6 2. c4 c5 3. d4 cxd4 4. Nxd4 Nc6 5. Nc3 e6 6. g3 ({RR} 6. a3 Nxd4 ({RR} 6... Bc5 7. Nb3 Be7 8. e4 O-O 9. Be2 b6 10. O-O Bb7 11. Bf4) 7. Qxd4 b6 8. Qf4 Bb7 9. e4 Be7 ({RR} 9... d6 10. Bd3 Be7 11. Qg3 O-O 12. Bh6 Ne8 13. Bd2 Rc8 14. Rd1 a6 15. O-O Qc7 16. Rfe1 Bf6 17. Kh1 g6 18. Rc1 Bg7 19. Bf4 Be5 20. Bxe5 dxe5 21. b4 Nf6 22. Qe3 Rfd8 23. f3 Kg7 24. Bf1) 10. Bd3 ({RR} 10. e5 Nh5 11. Qg4 g6 12. Bh6 f6 13. Be2 Qc7 14. exf6 Nxf6 15. Qh3) 10... O-O 11. O-O Qb8 12. Qf3 a6 13. Bf4 d6 14. Qh3 Nd7 15. Nd5 exd5 16. Qxd7 dxe4 17. Bxe4 Bxe4 18. Qxe7 Re8 19. Qxd6 Qxd6 20. Bxd6 Rac8) 6... Qb6 7. Nb3 ({RR} 7. Ndb5 Ne5 8. Bg2 ({RR} 8. Bf4 Nfg4) 8... a6 9. Na4 ({RR} 9. Qa4 Rb8 10. Be3 Bc5 11. Bxc5 Qxc5 12. Qa3 b6) 9... Qa5+ 10. Nbc3 ({RR} 10. Bd2 Qd8 11. Na3 Bxa3 12. bxa3 ({RR} 12. c5) 12... Nxc4 13. Bb4 d5 14. Qb3 Bd7 15. O-O Rc8 16. Rfc1 a5 17. Be1 O-O) 10... Nxc4 11. b3 Nb6 ({RR} 11... Na3 12. O-O d5 13. e4 ({RR} 13. Be3 Nd7) 13... b5 14. exd5 Bb7 ({RR} 14... bxa4 15. dxe6 Qxc3 16. Bd2) 15. Ne4 bxa4 16. Nxf6+ gxf6 17. dxe6 Rd8 18. Qe2 Bxg2 19. e7 Bxe7 20. Bxa3 O-O 21. Bxe7 Bxf1 22. Rxf1 Rd2 23. Qf3 Qe5) 12. Nxb6 Qxb6 13. O-O Be7 ({RR} 13... d5 14. e4) ({RR} 13... Qa5 14. Bd2 Qd8) 14. Na4 Qd8 15. Be3 d5 16. Bb6 Qd6 17. Rc1 Bd7 18. Bc7 Qa3 19. Nb6 O-O 20. Nxa8 Rxa8 21. Rc2 Bc6) 7... Ne5 8. e4 Bb4 9. c5 ({RR} 9. Qe2 d6 10. Bd2 ({RR} 10. f4 Nc6 11. Be3 Bxc3+ 12. bxc3 Qc7 13. Bg2 e5 ({RR} 13... O-O) 14. c5 ({RR} 14. O-O b6) 14... b6 ({RR} 14... Bg4 15. Qb5 a6 16. Qb6 Qxb6 17. cxb6 Be6 18. O-O-O Ke7 19. Kb2) 15. cxd6 Qxd6 16. O-O O-O 17. Rfd1 ({RR} 17. f5 Rd8 18. Rfd1 Qa3 19. Rxd8+ Nxd8 20. Bg5 Ba6 21. Qd2 Qe7 22. Rd1 Nb7 23. Bf3 Rd8) 17... Qe7 18. f5 h6 19. g4 Rd8 20. h4 h5 21. Rxd8+ Nxd8 22. gxh5 Kh7 23. Bg5 Bb7 24. Bf3 Rc8) 10... O-O ({RR} 10... a5 11. f4 Nc6 12. Be3 Qc7 13. Bg2 e5) 11. O-O-O a5 12. f4 a4 13. Na1 ({RR} 13. fxe5 axb3 14. a3 dxe5) 13... Nc6 14. Nc2 a3 15. b3 d5 ({RR} 15... Bc5 16. Be3 Qa5) 16. Bg2 ({RR} 16. e5 dxc4 17. exf6 cxb3 18. Nxb4 Nxb4 19. axb3 a2 20. Kb2 Rd8) 16... dxc4 17. Qxc4 Bxc3 ({RR} 17... Ng4) 18. Qxc3 Ng4 19. Qf3 e5 20. f5 Nf6 ({RR} 20... Bxf5 21. exf5 Rac8 22. Qxg4 Nd4 23. Be4 h5 24. Qh4 Rxc2+ 25. Bxc2 Rc8 26. Qe4 Rxc2+ 27. Qxc2 Nxc2 28. Kxc2 Qc6+ 29. Bc3 Qe4+ 30. Kd2 Qd5+ 31. Kc1 Qc6) 21. Bg5 Qc5 22. Kb1 b6 23. Bxf6 gxf6) 9... Qc7 $146 ({RR} 9... Qc6 10. Bg2 Qa6 11. Bf1 Qc6 12. Bg2 Qa6 13. Bf1 {½-½ Ghazarian,K (2459)-Fier,A (2574) 17th American Continental 2024 (6.3)}) ({RR} 9... Qc6 10. f3 b6 11. Bf4 ({RR} 11. cxb6 Nxe4 ({RR} 11... Bxc3+ 12. bxc3 axb6) 12. fxe4 Qxe4+ 13. Qe2 Qxh1 14. Qxe5 Ba6 15. Nd2 Bxf1 16. Nxf1 O-O) 11... Ng6 12. Bd6 bxc5 ({RR} 12... Nxe4 13. fxe4 Bxc3+ 14. bxc3 Qxe4+ 15. Kf2 Qxh1 16. Bg2) 13. a3 ({RR} 13. Kf2 Bxc3 14. bxc3 c4 15. Nc5 Nd5 16. Bxc4 Qxd6 17. Qd4 Ne5 ({RR} 17... f5 18. exd5 e5 19. Qe3 f4 20. gxf4 Nxf4 21. Ne4 Qc7 22. Qc5 Qxc5+ 23. Nxc5 d6 24. Ne4) ({RR} 17... O-O 18. exd5 e5 19. Ne4) 18. exd5 Nxc4 19. Qxc4 O-O 20. Rhd1 Rb8 21. dxe6 Rb2+ 22. Kg1 Qc6 23. Qd5 Qxd5 24. Rxd5 fxe6) 13... Bxc3+ 14. bxc3 a5 ({RR} 14... Nxe4 15. fxe4 Qxe4+ 16. Kf2 Qxh1 ({RR} 16... Bb7 17. Rg1 Qf5+ 18. Ke1) 17. Bg2 Qxh2 18. Qh1 ({RR} 18. Qf3 Rb8 19. Bxb8 Nh4) ({RR} 18. Nxc5)) 15. e5 ({RR} 15. Nxc5 Nd5 16. exd5 ({RR} 16. e5 f6) 16... Qxd6) ({RR} 15. Kf2 c4 16. Nc5 Nd5) 15... Nd5 ({RR} 15... a4 16. Nd2 ({RR} 16. Nxc5 Nxe5) 16... Ng4 17. Nc4) ({RR} 15... Ne4 16. Bb5 ({RR} 16. fxe4 Qxe4+ 17. Kf2 Qxh1 18. Bg2 Qxd1 19. Rxd1 a4) 16... Qxb5 17. fxe4 Ba6 18. Rb1) ({RR} 15... Ng4 16. Bd3 ({RR} 16. fxg4 Qxh1 17. Nxc5) 16... f5 17. exf6 ({RR} 17. Qe2 c4 18. Bxc4 N6xe5 19. Bxe5 Nxe5 20. Qxe5 Qxc4 21. Qxg7 Rf8) ({RR} 17. Bb5 Qxb5 18. fxg4 fxg4 19. Rf1 Ba6) 17... Nxf6 18. Bxg6+ hxg6 19. Qd3 Kf7 20. Nxc5 Rh5) 16. Bd3 ({RR} 16. c4 Ne3 17. Qe2 Nxc4 18. Qxc4 Qxf3 19. Nxc5 Qxh1) ({RR} 16. a4 Nxc3 ({RR} 16... Ba6 17. Nxa5 Qb6 18. Nc4 Qc6 19. Na5 ({RR} 19. Qb3 Nxe5 ({RR} 19... f6 20. Na5 c4 21. Qb2 Qc8 22. exf6 gxf6 23. f4 Qd8 24. Nxc4 Qc8 25. Qb3 Qc6 26. Ba3 Ndxf4 27. Nd6+ Kf8 ({RR} 27... Ke7)) 20. Bxe5 f6 21. Na5 ({RR} 21. Nd6+ Ke7) 21... c4 ({RR} 21... Qc8 22. Bc4 ({RR} 22. Bf4 Bxf1 23. Nb7 O-O 24. Rxf1 c4) 22... fxe5 23. Bxd5 Rb8 24. Qa2 Qc7 25. Nc6 exd5 ({RR} 25... dxc6 26. Bc4) 26. Nxb8 Qxb8 27. Qxd5 Qb2 28. Qxe5+ Kd8 29. Qg5+ Kc8 ({RR} 29... Ke8 30. Qe5+) 30. Qxc5+ Kd8 31. Qa5+ Ke8 32. Qxa6 Qxa1+ 33. Ke2 Qxh1 34. Qc8+ Kf7 35. Qxh8 Qxh2+) 22. Qb8+ ({RR} 22. Nxc6 cxb3 23. Bxa6 Rxa6) 22... Rxb8 23. Nxc6 Rb6 24. Nb8 fxe5 25. Nxa6 Rxa6 26. Bxc4)) 17. Qd2 Ne4 ({RR} 17... Qxf3 18. Bg2) 18. fxe4 Qxe4+ 19. Kf2 Bb7 20. Be2 Qg2+ 21. Ke3 Qe4+) 16... f6 17. Bxg6+ ({RR} 17. c4 fxe5 ({RR} 17... Ne3 18. Qe2 fxe5 19. Bxc5 Nf5 20. Rd1) 18. cxd5 ({RR} 18. Bxc5 Nf6) 18... Qxd6 19. dxe6 Qxe6 20. Nxc5 Qb6 21. Rc1) 17... hxg6 18. Qd3 Kf7 19. Nd2 ({RR} 19. Nxc5 fxe5 20. Ne4 Ba6 21. c4 ({RR} 21. Ng5+ Kg8 22. Qxg6 Qxc3+ 23. Kf2 Qd2+ 24. Kg1 Qd4+) 21... Rh5 ({RR} 21... Bxc4 22. Ng5+ Kf6 23. Ne4+ Kf7) ({RR} 21... Qxc4 22. Qxc4 Bxc4 23. h4) 22. Rc1 Nf6 23. O-O) 19... c4 ({RR} 19... Ba6 20. c4) 20. Qd4 ({RR} 20. Qxc4 Qxc4 21. Nxc4 Ba6 22. Nxa5 Rac8) 20... Qb6 ({RR} 20... Ne7 21. g4) 21. Qxb6 Nxb6 22. Rb1 Nd5 23. Ne4 g5 24. Kd2 {0-1 Morozevich,A (2758)-Topalov,V (2771) Zug FIDE GP 2013 (8)} ({RR} 24. h3)) ({RR} 9... Bxc5 10. Nxc5 Qxc5 11. Be2) ({RR} 9... Bxc5 10. Nxc5 Qxc5 11. f4 Nc6 12. e5 Nd5 13. Nxd5 exd5 14. Bd2 d6 15. Rc1 Qd4 16. Bg2 dxe5 17. Bc3 Qe3+ 18. Qe2 Qxe2+ 19. Kxe2 d4 20. Bd2 f6 21. fxe5 fxe5 22. Bd5 Bg4+ 23. Kd3 Kd7 24. Ke4 {0-1 Villalta Bustillo,I (2182)-Huerga Leache,M (2440) Euskadi-ch Pamplona 2018 (5)}) ({RR} 9... Bxc5 10. Nxc5 Qxc5 11. Be3 Qc6 12. Rc1 Nfg4 13. Bd4 Qd6 14. Be2 a6 15. f4 Nc6 16. Bxg7 Qxd1+ 17. Nxd1 Rg8 18. Bc3 d5 19. Bxg4 Rxg4 20. Ne3 Rg6 21. exd5 Ne7 22. O-O Nxd5 23. f5 Nxe3 24. fxg6 {1-0 Thybo,J (2590)-Antonsen,M (2376) Copenhagen CC 2020 (8)}) 10. Bg2 b6 11. f4 Nc6 12. O-O Ba6 13. Rf3 O-O 14. e5 Bxc3 15. Rxc3 Nd5 16. Bxd5 exd5 17. Qxd5 Bb7 18. Qd6 Qxd6 19. exd6 Rfe8 20. cxb6 Re1+ 21. Kf2 Rh1 22. Nc5 Nd8 23. Nxb7 Nxb7 24. bxa7 h5 25. Rc7 Nxd6 26. Rxd7 Nb5 27. Rd5 Nxa7 28. Ra5 Rxh2+ 29. Kf3 Rh1 30. b4 Rf1+ 31. Kg2 Rd1 32. b5 Rc8 33. Rxa7 Rd3 34. Kf2 Rc2+ 35. Ke1 Rxg3 36. Kd1 Rh2 37. Re7 Rd3+ 38. Ke1 Rh1+ 39. Kf2 Rdd1 40. Re2 Rh2+ 41. Kf3 Rh3+ 42. Kg2 Rdh1 43. b6 R1h2+ 44. Kf1 Rf3+ 45. Ke1 Rh1+ 46. Kd2 Rxf4 47. b7 Rd4+ 48. Kc2 Rd8 49. Rb1 Rb8 50. Rb4 1-0

[Event "45th Olympiad 2024"]
[Site "Budapest HUN"]
[Date "2024.09.18"]
[Round "7.28"]
[Board "2"]
[White "Karimov, Alisher"]
[Black "Quintiliano, Renato R."]
[Result "0-1"]
[WhiteElo "2240"]
[BlackElo "2499"]
[PlyCount "58"]
[EventDate "2024.09.11"]
[WhiteTeam "Tajikistan"]
[BlackTeam "Brazil"]
[WhiteTeamCountry "TJK"]
[BlackTeamCountry "BRA"]

1. d4 d5 2. c4 c6 3. Nc3 Nf6 4. cxd5 cxd5 5. Bg5 Ne4 6. Nxe4 dxe4 7. a3 h6 8. Bf4 Nc6 9. d5 e5 10. dxc6 exf4 11. Qa4 $146 ({RR} 11. cxb7 Bxb7 12. Qa4+ Qd7 13. Qxd7+ {½-½ Plat,V (2517)-Narciso Dublan,M (2432) TCh-CAT Gp1 2023 (2.1)}) 11... bxc6 12. Qxe4+ Be7 13. Rd1 Qb6 14. Nh3 Qxb2 15. Nxf4 Qc3+ 16. Rd2 Rb8 17. Qd3 Qc1+ 18. Rd1 Qxf4 19. g3 Qf5 20. Bg2 Qxd3 21. Rxd3 Rb6 22. O-O O-O 23. Rc1 c5 24. Bd5 Rd8 25. f4 Ba6 26. Rd2 Bb7 27. e4 Bxd5 28. exd5 Rb3 29. d6 Rxd6 0-1

[Event "45th Olympiad 2024"]
[Site "Budapest HUN"]
[Date "2024.09.18"]
[Round "7.28"]
[Board "3"]
[White "Di Berardino, Diego Rafael"]
[Black "Ilkhomi, Jaloliddin"]
[Result "0-1"]
[WhiteElo "2472"]
[BlackElo "2227"]
[PlyCount "122"]
[EventDate "2024.09.11"]
[WhiteTeam "Brazil"]
[BlackTeam "Tajikistan"]
[WhiteTeamCountry "BRA"]
[BlackTeamCountry "TJK"]

1. e4 e6 2. d4 d5 3. Nc3 Bb4 4. e5 c5 5. a3 Bxc3+ 6. bxc3 Qa5 7. Bd2 Qa4 8. Qg4 g6 9. h4 h5 10. Qf4 Qxc2 11. Nf3 ({RR} 11. Be2 Qe4 12. Qg5 b6 13. Rc1 Qf5 14. Qe3 Qe4 15. Qg5 Qf5 16. Qe3 Qe4 17. Qg5 Qf5 {½-½ Gochelashvili,D (2225)-Sitnikov,A (2362) 18th Tamil Nadu IM 2024 (3.1)}) 11... Nc6 12. Ng5 Nh6 ({RR} 12... Qf5 13. Qe3 c4 14. Rh3 Qc2 15. Rc1 Qa4 16. Qf4 Nd8 17. Ra1 Ke7 18. Be2 Qe8 19. Bd1 a6 20. Qg3 Kd7 21. a4 b6 22. Bc1 Ne7 23. f3 Kc6 24. Qf2 Bd7 25. g3 Rb8 26. Rh2 Kb7 27. Qa2 {1-0 Darini,I (2076)-Ilkhomi,J (2222) Asian Youth U18 2023 (8.9)}) 13. Qf6 $146 ({RR} 13. Rh3 Qf5 14. Bb5 Qxf4 15. Bxf4 Bd7 16. Bxc6 Bxc6 17. dxc5 d4 18. cxd4 Bxg2 19. Rd3 Bc6 20. Nh3 Nf5 21. Bg5 Kd7 22. Nf4 Rhc8 23. Rd2 Ke8 24. d5 Bxd5 25. Nxd5 exd5 26. Rxd5 Ne7 27. Bxe7 Kxe7 {½-½ Bui,K (2055)-Doan,T (1928) VIE-ch Resolution (Women) 7th 2014 (5)}) 13... O-O 14. Qf4 cxd4 15. cxd4 Qb2 16. Rd1 Qxd4 17. Nxe6 Bxe6 18. Qxd4 Nxd4 19. Bxh6 Nc2+ 20. Kd2 Rfc8 21. a4 Na3 22. Ra1 Nc4+ 23. Bxc4 dxc4 24. Kc3 Rc5 25. Rhe1 Rd8 26. Rad1 Rcd5 27. Rxd5 Rxd5 28. Re3 Rd1 29. Bg5 Kf8 30. Re2 Rd3+ 31. Kc2 Bf5 32. Kb2 Ke8 33. Ka2 Be6 34. Kb1 Bd5 35. f3 Kd7 36. Rd2 Ke6 37. Rxd3 cxd3 38. a5 Kxe5 39. Be3 b6 40. axb6 axb6 41. Kc1 b5 42. Kd2 Bc4 43. Kc3 f6 44. Bd2 Kf5 45. Kd4 g5 46. g3 gxh4 47. gxh4 Ke6 48. Bc3 Bd5 49. Ke3 Kf5 50. Bd2 Bb7 51. Bc3 Ba8 52. Bd2 Ke6 53. Bc3 Bd5 54. Bd2 Bxf3 55. Kxf3 Kd5 56. Ke3 Kc4 57. Ke4 f5+ 58. Ke3 f4+ 59. Ke4 b4 60. Bxb4 f3 61. Ke3 f2 0-1

[Event "45th Olympiad 2024"]
[Site "Budapest HUN"]
[Date "2024.09.18"]
[Round "7.28"]
[Board "4"]
[White "Kabilov, Amin"]
[Black "Do Valle Cardoso, Lucas"]
[Result "0-1"]
[WhiteElo "2212"]
[BlackElo "2364"]
[PlyCount "73"]
[EventDate "2024.09.11"]
[WhiteTeam "Tajikistan"]
[BlackTeam "Brazil"]
[WhiteTeamCountry "TJK"]
[BlackTeamCountry "BRA"]

1. d4 Nf6 2. Nf3 g6 3. c4 Bg7 4. Nc3 O-O 5. e4 d6 6. Be2 e5 7. O-O Bg4 8. d5 a5 9. Be3 Na6 10. Rb1 ({RR} 10. Ne1 Bd7 11. Nd3 h5 12. h3 b6 13. Qd2 Nh7 14. Rae1 Nb4 15. a3 Nxd3 16. Bxd3 a4 17. Bc2 Bf6 18. Qd1 Qe8 19. Qd2 Qe7 20. Qd1 Qe8 21. Qd2 Qe7 22. Qd1 Qe8 {½-½ Giri,A (2773)-Van Foreest,J (2714) Oslo Esports Cup rapid 2022 (4.3)}) ({RR} 10. h3 Bd7 11. b3 Nh5 12. Nd2 Nf4 13. Bxf4 exf4 14. Rc1 a4 15. Bd3 axb3 16. axb3 Nb4 17. Nf3 g5 18. Qd2 h5 19. Ne1 Qe7 20. Be2 h4 21. Bf3 Ra3 22. Rb1 c5 23. dxc6 bxc6 24. Nd3 Nxd3 {½-½ Li,Y (1968)-Kolodziejczyk,B (1983) 32nd EY Open U10 2024 (5.1)}) 10... b6 11. Qc2 $146 ({RR} 11. b3 Nc5 12. Nd2 h5 13. h3 Bd7 14. a3 Nh7 15. b4 axb4 16. axb4 Nb7 17. Qc2 f5 18. exf5 gxf5 19. f4 Qe8 20. Rbe1 Qg6 21. fxe5 Bxe5 22. Nf3 Bg7 23. Bd3 Rae8 24. Bf4 Qf6 25. Ne2 c5 {1-0 Polak,T (2506)-Suvorov,A (2357) BL2-West 2122 2022 (6.3)}) ({RR} 11. b3 Bd7 12. Nd2 Nc5 13. a3 h5 14. h3 Qe7 15. Qc2 Nh7 16. b4 Nb7 17. Nb3 a4 18. Nc1 Bf6 19. Nb5 Rfc8 20. c5 dxc5 21. bxc5 Nxc5 22. Bxc5 bxc5 23. Nd3 c4 24. Qxc4 Bxb5 25. Rxb5 Qxa3 {1-0 Agibileg,U (2413)-Eric,J (2250) Belgrade Serbia op 2021 (3)}) ({RR} 11. h3 Bd7 12. Nd2 Nc5 13. b3 Ne8 14. a3 f5 15. f3 Bf6 16. b4 axb4 17. axb4 Na4 18. Qc2 Nxc3 19. Qxc3 f4 20. Bf2 Bh4 21. c5 bxc5 22. bxc5 Bxf2+ 23. Rxf2 Qg5 24. Kf1 Ng7 25. Bb5 Bxb5+ {½-½ Bournel,A (2336)-Lucas,A (2299) FRA-ch U20 Agen 2021 (4.2)}) 11... Nc5 12. b3 Bd7 13. Nd2 Nh5 14. Bxh5 gxh5 15. a3 f5 16. exf5 Bxf5 17. Nde4 Qe8 18. Rbe1 Qg6 19. f3 Bh6 20. Bxh6 Qxh6 21. b4 Nxe4 22. fxe4 Bg6 23. Rxf8+ Rxf8 24. c5 axb4 25. axb4 bxc5 26. bxc5 Qf4 27. c6 h4 28. h3 Rb8 29. Qf2 Qxf2+ 30. Kxf2 Rb3 31. Re3 Kf7 32. g3 hxg3+ 33. Rxg3 Rb4 34. Re3 Kf6 35. h4 Bh5 36. Kg3 Rb3 37. Nd1 0-1

[Event "45th Olympiad 2024"]
[Site "Budapest HUN"]
[Date "2024.09.18"]
[Round "7.29"]
[Board "1"]
[White "Gascon Del Nogal, Jose Rafael"]
[Black "Kozak, Adam"]
[Result "1/2-1/2"]
[WhiteElo "2454"]
[BlackElo "2609"]
[PlyCount "101"]
[EventDate "2024.09.11"]
[WhiteTeam "Venezuela"]
[BlackTeam "Hungary B"]
[WhiteTeamCountry "VEN"]

1. d4 Nf6 2. c4 e6 3. g3 d5 4. Nf3 dxc4 5. Bg2 c6 6. O-O b5 7. Ne5 Bb7 8. a4 a6 9. b3 cxb3 10. Qxb3 Be7 11. Bb2 O-O 12. Nd2 Nd5 13. Rfc1 Qc8 ({RR} 13... Nb6 14. axb5 axb5 15. Rxa8 Bxa8 16. Bxc6 Nxc6 17. Nxc6 Bxc6 18. Rxc6 b4 19. e4 Qb8 20. Qc2 Rc8 21. Rxc8+ Nxc8 22. Qc6 Nd6 23. e5 Qb7 24. Qxb7 Nxb7 25. Kf1 Kf8 26. Ke2 Ke8 27. Kd3 Kd7 28. Kc4 {0-1 Koulouris,E (2024)-Poupalos,N (2295) 17th Paleochora Open 2024 (8.7)}) 14. e4 $146 ({RR} 14. Ndf3 Nb6 15. a5 Na4 16. Ba3 Bxa3 17. Rxa3 Rd8 18. Ng5 Rxd4 19. Nexf7 c5 20. Bxb7 c4 21. Bxa8 Nc6 22. Qf3 {1-0 Fant,G (2010)-Samuelsson,S (2265) Jonkoping op 1988 (4)}) 14... Nc7 15. Ba3 bxa4 16. Qxa4 Bxa3 17. Rxa3 Nb5 18. Rd3 Nd7 19. Nxd7 Qxd7 20. Nb3 Ra7 21. e5 Ba8 22. Nc5 Qe7 23. h4 Rd8 24. Rdd1 h6 25. Be4 a5 26. Bb1 h5 27. Rd3 g6 28. Rc4 Kg7 29. Rf3 Rxd4 30. Rxd4 Qxc5 31. Rd8 Qb4 32. Qc2 Qe7 33. Rd1 c5 34. Rf4 Qb7 35. f3 Nd4 36. Qf2 Nxf3+ 37. Kf1 Nxe5 38. Be4 Qb3 39. Re1 Ng4 40. Qxc5 Qxg3 41. Rxg4 hxg4 42. Qxa7 Qh3+ 43. Ke2 Qh2+ 44. Kd3 Qg3+ 45. Qe3 Bxe4+ 46. Kxe4 Qxh4 47. Qc3+ Kg8 48. Qc8+ Kg7 49. Qc3+ Kg8 50. Qc8+ Kg7 51. Qc3+ 1/2-1/2

[Event "45th Olympiad 2024"]
[Site "Budapest HUN"]
[Date "2024.09.18"]
[Round "7.29"]
[Board "2"]
[White "Banusz, Tamas"]
[Black "Ynojosa Aponte, Felix Jose"]
[Result "1-0"]
[WhiteElo "2605"]
[BlackElo "2398"]
[PlyCount "77"]
[EventDate "2024.09.11"]
[WhiteTeam "Hungary B"]
[BlackTeam "Venezuela"]
[BlackTeamCountry "VEN"]

1. Nf3 c5 2. c4 Nf6 3. g3 b6 4. Bg2 Bb7 5. O-O e6 6. Nc3 Be7 7. d4 cxd4 8. Qxd4 d6 9. Rd1 Nbd7 10. Nb5 d5 11. cxd5 Bxd5 12. Bf4 O-O 13. Rac1 $146 ({RR} 13. Nc7 Rc8 14. Nxd5 Nxd5 15. Ne5 N7f6 16. Qa4 Qc7 17. Rac1 Qb7 18. Bg5 b5 19. Qb3 Rxc1 20. Rxc1 h6 21. Bxf6 Bxf6 22. Bxd5 Qxd5 23. Qxd5 exd5 24. Nd3 Re8 25. Kf1 Bd4 26. Rc7 Rd8 27. Rb7 Bb6 {1-0 Bang,A (2295)-Bratholm,P Espergarde 1995}) ({RR} 13. Nc7 Rc8 14. Nxd5 Nxd5 15. e4 Bf6 16. Qa4 Nc5 17. Qc4 Nd7 18. Qb5 Rc5 19. Qa4 Ra5 20. Qc6 Rc5 21. Qb7 Nc7 22. Bd6 Bxb2 23. Bxc5 Nxc5 24. Qxa7 Nd3 25. Rab1 Nb5 26. Qa6 Bd4 27. Nxd4 Qxd4 {1-0 Pakleza,Z (2501)-Moranda,W (2622) Opole Termika Cup KO rapid 2021 (2.2)}) 13... Bc5 14. Qa4 Ne4 15. e3 Ndf6 16. Nc7 Ng4 17. Nxd5 exd5 18. Rc2 Re8 19. Qb3 Qf6 20. Rxd5 Nexf2 21. Rxf2 Rxe3 22. Qc2 Re1+ 23. Nxe1 Bxf2+ 24. Kh1 Re8 25. Nf3 Be3 26. Bxe3 Nxe3 27. Qe2 Qc6 28. Rd3 Nxg2 29. Qxg2 Qc4 30. Qd2 Qxa2 31. Rd8 Qa4 32. Qd7 Qxd7 33. Rxd7 h6 34. Rxa7 Re2 35. b3 g5 36. Nd4 Re4 37. Rd7 h5 38. Kg2 g4 39. Kf2 1-0

[Event "45th Olympiad 2024"]
[Site "Budapest HUN"]
[Date "2024.09.18"]
[Round "7.29"]
[Board "3"]
[White "Escalona Landi, Samid Eduardo"]
[Black "Prohaszka, Peter2"]
[Result "0-1"]
[WhiteElo "2305"]
[BlackElo "2542"]
[PlyCount "78"]
[EventDate "2024.09.11"]
[WhiteTeam "Venezuela"]
[BlackTeam "Hungary B"]
[WhiteTeamCountry "VEN"]

1. e4 c6 2. d4 d5 3. exd5 cxd5 4. c4 Nf6 5. Nc3 Nc6 6. Nf3 e6 7. c5 Be7 8. Bb5 O-O 9. O-O Bd7 10. Re1 a6 11. Bxc6 Bxc6 12. Ne5 Nd7 13. Nxc6 bxc6 14. b4 $146 ({RR} 14. Qa4 Qc7 15. g3 Bf6 16. Bf4 Qb7 17. b3 Nxc5 18. Qa5 Nd3 19. Red1 Nxf4 20. gxf4 Qb8 21. Ne2 Qb5 22. Qxb5 cxb5 23. Rac1 Rfc8 24. Rc5 Be7 25. Rxc8+ Rxc8 26. Rc1 Rxc1+ 27. Nxc1 Bd6 28. Ne2 Kf8 {0-1 Sodhi,A-Nasir,Z (2060) CAN-ch U16 Ottawa 2013 (1)}) ({RR} 14. Qa4 Qc7 15. b4 Bf6 16. Ne2 a5 17. b5 cxb5 18. Qxb5 Rfb8 19. Qd3 Nxc5 20. Qc2 Na6 21. Qxc7 Nxc7 22. Bf4 Rc8 23. Rab1 Na6 24. a3 g5 25. Bg3 Nb8 26. Rb5 Nc6 27. Rd1 Nxd4 28. Nxd4 Bxd4 {0-1 Fontaine,Q (2324)-Kouskoutis,G (2231) FIDE World Uni Rapid-C 1st 2021 (9)}) ({RR} 14. Bf4 Re8 15. Qa4 Qc8 16. Re2 f6 17. Rae1 e5 18. dxe5 Nxc5 19. Qd1 f5 20. e6 Bf6 21. Na4 Nxa4 22. Qxa4 Qb7 23. Qc2 g6 24. Be5 Rxe6 25. Bxf6 Rxf6 26. Qc3 Raf8 27. Re7 Qb8 28. R1e6 R6f7 {1-0 Sadvakasov,D (2440)-Kobalia,M (2505) Wch U20 37th 1998 (10)}) 14... Bf6 15. Rb1 Re8 16. f4 g6 17. Be3 Bg7 18. Qd2 Nf6 19. h3 Ne4 20. Qc2 f5 21. a4 Qh4 22. Rf1 Reb8 23. Nxe4 fxe4 24. Kh2 Qe7 25. Rb3 Rf8 26. Rfb1 g5 27. fxg5 e5 28. Qd2 exd4 29. Bxd4 Be5+ 30. Kg1 Qg7 31. Rd1 Rf5 32. b5 axb5 33. axb5 Raf8 34. Rb4 cxb5 35. h4 Qc7 36. Bxe5 Qxe5 37. Qd4 Qg3 38. Rxb5 e3 39. Rb7 Rf1+ 0-1

[Event "45th Olympiad 2024"]
[Site "Budapest HUN"]
[Date "2024.09.18"]
[Round "7.29"]
[Board "4"]
[White "Antal, Gergely"]
[Black "Castro Torres, Jose Luis"]
[Result "1-0"]
[WhiteElo "2544"]
[BlackElo "2299"]
[PlyCount "136"]
[EventDate "2024.09.11"]
[WhiteTeam "Hungary B"]
[BlackTeam "Venezuela"]
[BlackTeamCountry "VEN"]

1. e4 c5 2. Nf3 Nc6 3. Bb5 e6 4. Bxc6 bxc6 5. d3 Ne7 6. Nbd2 Ng6 7. h4 h5 8. e5 f6 9. Qe2 Qc7 10. Nc4 d5 $146 ({RR} 10... Ba6 11. Qe4 Kf7 12. Bf4 Bxc4 13. dxc4 d5 14. exd6 Bxd6 15. Bxd6 Qxd6 16. Rd1 Qc7 17. O-O Rhd8 18. Rfe1 Rd6 19. b4 Rad8 20. Rxd6 Qxd6 21. bxc5 Qxc5 22. Qxe6+ Kf8 23. c3 Rb8 24. Ng5 fxg5 25. Qxg6 {1-0 Samant,A (2470)-Adhiban,B (2611) 9th Sunway Sitges 2022 (4.9)}) ({RR} 10... Ba6 11. Qe4 Kf7 12. Bf4 Bxc4 13. dxc4 Nxf4 14. Qxf4 d5 15. O-O Rb8 16. Rfe1 Kg8 17. Qd2 f5 18. Rab1 Be7 19. cxd5 cxd5 20. c4 d4 21. b4 Rxb4 22. Rxb4 cxb4 23. Nxd4 Qd7 24. Rd1 Kf7 25. Qe2 {1-0 Grieve,H (2477)-Boswell,J (2241) 19th South Wales Int 2024 (3.3)}) ({RR} 10... Ba6 11. Qe4 Kf7 12. Bf4 Bxc4 13. dxc4 d5 14. exd6 Bxd6 15. Bxd6 Qxd6 16. Rd1 Qc7 17. O-O Rad8 18. Rfe1 Rd6 19. Rd3 Rhd8 20. Ng5+ fxg5 21. Rf3+ Kg8 22. Qxg6 g4 23. Rf6 Qe7 24. Rfxe6 Rxe6 25. Qxe6+ {1-0 Kovanova,B (2329)-Borisova,E (2209) Satka Autumn op (Women) 2022 (7)}) ({RR} 10... Be7 11. Qe4 Kf7 12. Bf4 f5 13. Qe3 Nxf4 14. Qxf4 Ba6 15. Nd6+ Kg8 16. O-O-O Rh6 17. Ng5 Rb8 18. a3 Qb6 19. b3 Qa5 20. Kb2 Rg6 21. f3 Rf8 22. Rh3 Bd8 23. Rg3 Qc7 24. Qa4 Qb6 25. f4 {1-0 Vokhidov,S (2589)-Skliarov,V (2384) Titled Tue 3rd Jan Early 2023 (2)}) 11. exd6 Bxd6 12. Nfd2 Be7 13. Ne4 e5 14. Be3 Nf4 15. Bxf4 exf4 16. Ned6+ Kf8 17. Nxc8 Rxc8 18. O-O-O Rd8 19. Rde1 g6 20. Qf3 Kf7 21. Re4 Rd4 22. Re2 Rhd8 23. Rhe1 Bf8 24. a3 R8d7 25. Kb1 Re7 26. Rxe7+ Bxe7 27. c3 Rd5 28. Re4 f5 29. Qxf4 Qxf4 30. Rxf4 Kg7 31. Kc2 g5 32. hxg5 Bxg5 33. Rf3 Kg6 34. Rh3 f4 35. Nd2 Re5 36. Kd1 Be7 37. Nf3 Rd5 38. Ke2 Bf6 39. Rh1 Rd7 40. Nd2 Rb7 41. Nc4 Kg5 42. Kf3 Rd7 43. Rd1 Kf5 44. Na5 Rc7 45. Rd2 Rc8 46. Nb3 Be7 47. d4 Rb8 48. Na5 Rb6 49. Nc4 Rb8 50. Re2 Bf6 51. dxc5 Rb3 52. Nd6+ Kg5 53. Ne4+ Kf5 54. Nxf6 Kxf6 55. Kxf4 a5 56. Ke4 a4 57. Kd3 Kf5 58. g3 Rb5 59. f3 Kf6 60. g4 h4 61. f4 Rb8 62. Rh2 Rh8 63. Ke4 Rh7 64. Kf3 Ke6 65. Rd2 Rh8 66. Kg2 Rf8 67. Rd4 Rb8 68. Rb4 Kd5 1-0

[Event "45th Olympiad 2024"]
[Site "Budapest HUN"]
[Date "2024.09.18"]
[Round "7.30"]
[Board "1"]
[White "Mohammad Fahad, Rahman"]
[Black "Gazik, Viktor"]
[Result "1-0"]
[WhiteElo "2419"]
[BlackElo "2561"]
[PlyCount "71"]
[EventDate "2024.09.11"]
[WhiteTeam "Bangladesh"]
[BlackTeam "Slovakia"]
[WhiteTeamCountry "BAN"]
[BlackTeamCountry "SVK"]

1. d4 Nf6 2. c4 e6 3. Nf3 d5 4. Nc3 dxc4 5. e4 Bb4 6. Bxc4 Nxe4 7. O-O Nxc3 8. bxc3 Be7 9. Ne5 O-O 10. Qg4 Nc6 11. Bh6 Bf6 12. Rad1 ({RR} 12. Rae1 Ne7 13. f4 Ng6 14. Bg5 c5 15. Nxg6 hxg6 16. Qh4 cxd4 17. Rf3 e5 18. g4 Qd7 19. Bxf6 e4 20. Rxe4 Qxg4+ 21. Rg3 Qd1+ 22. Bf1 gxf6 23. Rxd4 Qb1 24. Qxf6 a5 25. Rd5 Ra6 26. Qd4 Bf5 {½-½ Naumovich,Y (2074)-Dorashava,V (1884) Bronstein 100 Minsk Open 2024 (8.12)}) 12... Ne7 13. Rfe1 ({RR} 13. Bc1 c5 14. Ba3 Qc7 15. Qh5 Bxe5 16. dxe5 b6 17. Bd3 Ng6 18. Bc1 Bb7 19. Bg5 h6 20. Bc1 Nxe5 21. Rfe1 f6 22. f4 Nxd3 23. Rxd3 Rad8 24. Rg3 Rd5 25. Qxh6 Qd7 26. h3 Rf7 27. Kh2 Rd1 {0-1 Carlsen,M (2813)-Kramnik,V (2790) Amber-blindfold 19th rapid 2010 (8)}) 13... a6 14. Bb3 $146 ({RR} 14. Bd3 Ng6 15. Bc1 Bxe5 16. dxe5 Qe7 17. Bg5 Qc5 18. Qg3 Kh8 19. h4 Ne7 20. h5 h6 21. Bf6 gxf6 22. exf6 Rg8 23. fxe7 Qxe7 24. Qe5+ f6 25. Qf4 Qg7 26. Bg6 e5 27. Qc4 Bf5 28. Re3 Bxg6 {½-½ Khademalsharieh,S (2438)-Dzagnidze,N (2520) Wch Rapid (Women) 2016 (12)}) 14... Ng6 15. Bc1 Qd6 16. Qh5 Rd8 17. f4 Qf8 18. Bc2 Bd7 19. Re3 Be8 20. Ng4 Kh8 21. Rh3 Qg8 22. Nxf6 gxf6 23. f5 exf5 24. Bxf5 Rd5 25. c4 Ra5 26. a3 Ra4 27. d5 Qg7 28. Bc2 Kg8 29. Bxa4 Bxa4 30. Rf1 Bd7 31. Rb3 b5 32. Bb2 bxc4 33. Rg3 Rb8 34. Bxf6 Qf8 35. Bd4 Rb6 36. Qe5 1-0